Rapper By Album Picture - Statistics

General Stats
  • This quiz has been taken 206 times
  • The average score is 10 of 16
Answer Stats
Picture Answer % Correct
Juice Wrld
99%
Roddy Ricch
90%
Pop Smoke
89%
Future
82%
YNW Melly
82%
NLE Choppa
79%
Lil Uzi Vert
75%
Lil Baby
64%
Polo G
64%
Gunna
49%
Young Dolph
48%
Fivio Foreign
41%
Lil Tjay
37%
Quality Control
29%
A Boogie Wit Da Hoodie
18%
Key Glock
17%
No matching quizzes found
Score Distribution
Percent of People with Each Score
Percentile by Number Answered
Your Score History
You have not taken this quiz